00635 2200253 4500001002100000005001500021035002000036007000300056008004100059040001700100100001500117245003700132250001000169300003800179020001800217041000800235082000800243084001400251090002000265260003700285850001000322990002700332990002200359INLIS00000000000351920260530123033 a0010-0621000051ta260530 0  aSBPUPADbind0 aAbu Ahmadi1 aIlmu Sosial Dasar /cAbu Ahmadi, aCet.3 axi, 362 hlm. :billus. ;c20,5 cm a979-518-187-40 aind a302 a302 ABU i a303.4 PIO s 8-1 a--Jakarta :bRineka Cipta,c1997 aPUPAD a6489/BR/ARPUS-PDG/2007 a6564/ARPUS-PDG 07